Suffering man, loving God : (Record no. 3902)

MARC details
000 -LEADER
fixed length control field 00914cam a2200277 a 4500
001 - CONTROL NUMBER
control field 2928138
003 - CONTROL NUMBER IDENTIFIER
control field GBCCL
005 - DATE AND TIME OF LATEST TRANSACTION
control field 20241126110506.0
008 - FIXED-LENGTH DATA ELEMENTS--GENERAL INFORMATION
fixed length control field 890519s1990 cau 001 0 eng
010 ## -
-- 89045747
020 ## - INTERNATIONAL STANDARD BOOK NUMBER
International Standard Book Number 0060654449
040 ## - CATALOGING SOURCE
Original cataloging agency DLC
Transcribing agency DLC
Modifying agency DLC
050 00 -
-- BV4909
-- .M37 1990
082 00 - DEWEY DECIMAL CLASSIFICATION NUMBER
Classification number 248.86
Edition information 20
Item number MAR
100 1# - MAIN ENTRY--PERSONAL NAME
Personal name Martin, James,
Dates associated with a name 1921-
9 (RLIN) 7671
245 10 - TITLE STATEMENT
Title Suffering man, loving God :
Remainder of title reflections and prayers for those who hurt /
Statement of responsibility, etc. James Martin.
250 ## - EDITION STATEMENT
Edition statement 1st ed.
260 ## - PUBLICATION, DISTRIBUTION, ETC.
Place of publication, distribution, etc. San Francisco :
Name of publisher, distributor, etc. Harper & Row,
Date of publication, distribution, etc. c1990.
300 ## - PHYSICAL DESCRIPTION
Extent 111 p. ;
Dimensions 20 cm.
500 ## - GENERAL NOTE
General note Includes index.
650 #0 - SUBJECT ADDED ENTRY--TOPICAL TERM
Topical term or geographic name entry element Suffering
Form subdivision Prayers and devotions.
9 (RLIN) 7672
650 #0 - SUBJECT ADDED ENTRY--TOPICAL TERM
Topical term or geographic name entry element Consolation.
9 (RLIN) 348
906 ## - LOCAL DATA ELEMENT F, LDF (RLIN)
a 7
b cbc
c orignew
d 1
e ocip
f 19
g y-gencatlg
942 ## - ADDED ENTRY ELEMENTS (KOHA)
Source of classification or shelving scheme Dewey Decimal Classification
Koha item type Books
Koha issues (borrowed), all copies 2
Holdings
Withdrawn status Lost status Source of classification or shelving scheme Damaged status Not for loan Home library Current Library Shelving location Date acquired Total checkouts Full call number Barcode Date last seen Date last checked out Copy number Price effective from Koha item type
    Dewey Decimal Classification     GRACE BIBLE COLLEGE GRACE BIBLE COLLEGE Ministry & Mission 2017-12-15 3 248.86 MAR 009322 2026-03-13 2026-02-23 c.1 2017-12-15 Books
© Grace Bible College Library 2025